Фильтр Калмана - Бьюси: детерминированное наблюдение и стохастическая фильтрация; пер. с нем.

Xehetasun bibliografikoak
Egile nagusia: Браммер К. Карл
Beste egile batzuk: Зиффлинг Г. Герхард (редактор), Казаков И. Е.
Hizkuntza:errusiera
Argitaratua: Москва, Наука, 1982
Gaiak:
Formatua: MixedMaterials Liburua
KOHA link:https://koha.lib.tpu.ru/cgi-bin/koha/opac-detail.pl?biblionumber=117604

MARC

LEADER 00000nam0a2200000 4500
001 117604
005 20231031123837.0
035 |a (RuTPU)RU\TPU\book\127298 
090 |a 117604 
100 |a 20070605d1982 m y0rusy50 ca 
101 0 |a rus  |c ger 
102 |a RU 
105 |a a z 001zy 
200 1 |a Фильтр Калмана - Бьюси  |e детерминированное наблюдение и стохастическая фильтрация  |e пер. с нем.  |f К. Браммер, Г. Зиффлинг  |g под ред. И. Е. Казакова 
210 |a Москва  |c Наука  |d 1982 
215 |a 200 с.  |c ил. 
320 |a Библиография в конце глав. 
610 1 |a фильтр Кальмана Бьюси 
610 1 |a наблюдение 
610 1 |a вектор состояния 
610 1 |a линейная фильтрация 
610 1 |a матричные исчисления 
610 1 |a детерминированное наблюдение 
610 1 |a стохастическая фильтрация 
675 |a 681.51.015  |v 3 
700 1 |a Браммер  |b К.  |g Карл 
701 1 |a Зиффлинг  |b Г.  |g Герхард 
702 1 |a Казаков  |b И. Е.  |4 340 
801 1 |a RU  |b 63413507  |c 20070605  |g PSBO 
801 2 |a RU  |b 63413507  |c 20080111  |g PSBO 
942 |c BK